Elektronické obvody 1 /

Na minha lista:
Detalhes bibliográficos
Autor principal: Burger, Ivan (Author)
Formato: Livro
Idioma:eslovaco
Publicado em: Bratislava : SVŠT v Bratislave, 1978
Edição:1.vyd.
Tags: Adicionar Tag
Sem tags, seja o primeiro a adicionar uma tag!

MARC

LEADER 00000nam a22000003a 4500
001 stu9720
005 20150617225804.5
008 970512s1978----cs------------------slo-d
040 |a STU  |b slo 
041 0 |a slo 
044 |a cs 
100 1 |a Burger, Ivan  |4 aut 
245 1 |a Elektronické obvody 1 /  |c [aut.] Burger,Ivan 
250 |a 1.vyd. 
260 |a Bratislava :  |b SVŠT v Bratislave,  |c 1978 
300 |a 171 s 
996 |b E40502  |c E*40502  |l EE01  |s A  |a 24  |w stu9720_0001